[Event "ch-SWE Master Elite"]
[Site "Vasteras SWE"]
[Date "2011.07.18"]
[Round "3.3"]
[White "Westerberg, J."]
[Black "Carlsson, P."]
[Result "0-1"]
[WhiteElo "2313"]
[BlackElo "2496"]
[PlyCount "100"]
[EventDate "2011.07.16"]
[EventType "tourn"]
[EventRounds "9"]
[EventCountry "SWE"]
[EventCategory "10"]
[Source "Mark Crowther"]
[SourceDate "2011.07.26"]

1. e4 c5 2. Nf3 d6 3. d4 cxd4 4. Nxd4 Nf6 5. Nc3 g6 6. Bc4 Bg7 7. O-O O-O 8.
Re1 Nc6 9. Bb3 Bg4 10. Qd3 Nxd4 11. Qxd4 Nd7 12. Qd2 Be6 13. Nd5 Nc5 14. Qg5
Re8 15. Qh4 Bxd5 16. exd5 Qa5 17. Bg5 Nxb3 18. axb3 Qxd5 19. Bxe7 Qd2 20. Qe4
d5 21. Qf3 Bxb2 22. Rad1 Qxc2 23. Qxd5 Qc7 24. Qd7 Qxd7 25. Rxd7 b5 26. Rb1 Bc3
27. b4 a6 28. g3 Rac8 29. Rbd1 Rc4 30. Rd8 Rxd8 31. Rxd8+ Kg7 32. Bf8+ Kf6 33.
Rd6+ Kf5 34. Rxa6 Bxb4 35. Ra7 Ke6 36. Ra6+ Kf5 37. Ra7 Ke6 38. Ra6+ Ke5 39.
Bg7+ Kd5 40. Rb6 Rc5 41. Rb7 f5 42. Kg2 Kc4 43. Bh6 Bc3 44. Be3 Rc6 45. Rxh7 b4
46. Rb7 Kd3 47. Kf3 Kc2 48. Bd4 b3 49. Bxc3 Kxc3 50. Ke2 Kc2 0-1

[Event "ch-SWE Master Elite"]
[Site "Vasteras SWE"]
[Date "2011.07.18"]
[Round "3.4"]
[White "Lindberg, Be"]
[Black "Grandelius, N."]
[Result "0-1"]
[WhiteElo "2391"]
[BlackElo "2542"]
[PlyCount "80"]
[EventDate "2011.07.16"]
[EventType "tourn"]
[EventRounds "9"]
[EventCountry "SWE"]
[EventCategory "10"]
[Source "Mark Crowther"]
[SourceDate "2011.07.26"]

1. e4 c5 2. Nf3 d6 3. d4 cxd4 4. Nxd4 Nf6 5. Nc3 a6 6. Be2 Nbd7 7. O-O g6 8.
Be3 Bg7 9. Qd2 O-O 10. a4 Re8 11. a5 Qc7 12. f3 b5 13. axb6 Nxb6 14. Na4 Nxa4
15. Rxa4 d5 16. exd5 Nxd5 17. Bf2 Bd7 18. Rxa6 Rab8 19. Nb3 Be6 20. Bg3 Be5 21.
Bxe5 Qxe5 22. Re1 Qxb2 23. Nc5 Nb4 24. Rxe6 fxe6 25. Bc4 Nxc2 26. Rxe6 Kh8 27.
Nd7 Nd4 28. Qxb2 Rxb2 29. Re4 Nf5 30. Be6 Rc8 31. h4 Rc1+ 32. Kh2 Rcc2 33. Bxf5
Rxg2+ 34. Kh1 Rgd2 35. Re1 gxf5 36. Nc5 Re2 37. Rd1 Kg7 38. f4 Kh6 39. Nd7 Kh5
40. Ne5 Kxh4 0-1

[Event "ch-SWE Master Elite"]
[Site "Vasteras SWE"]
[Date "2011.07.18"]
[Round "3.5"]
[White "Cramling, P."]
[Black "Eriksson, Joh"]
[Result "1/2-1/2"]
[WhiteElo "2472"]
[BlackElo "2401"]
[PlyCount "98"]
[EventDate "2011.07.16"]
[EventType "tourn"]
[EventRounds "9"]
[EventCountry "SWE"]
[EventCategory "10"]
[Source "Mark Crowther"]
[SourceDate "2011.07.26"]

1. d4 Nf6 2. Nf3 g6 3. g3 Bg7 4. Bg2 O-O 5. O-O d5 6. c3 Nbd7 7. Bf4 Ne4 8.
Nbd2 c5 9. dxc5 e5 10. Be3 Ndxc5 11. Nxe4 Nxe4 12. Nd2 Nf6 13. Nb3 b6 14. Bg5
Be6 15. Qd2 Qd7 16. Rad1 Rad8 17. f4 exf4 18. Rxf4 Nh5 19. Rff1 f6 20. Be3 Rfe8
21. Nd4 Bh3 22. Rf2 Bxg2 23. Kxg2 Qg4 24. Rf3 f5 25. h3 Qe4 26. Qd3 Rd7 27.
Qxe4 dxe4 28. Rff1 Red8 29. g4 fxg4 30. hxg4 Nf6 31. Bg5 Nxg4 32. Kh3 h5 33.
Bxd8 Rxd8 34. Rc1 Bh6 35. Ra1 e3 36. Rf3 Rd5 37. Rg1 Nf2+ 38. Kh2 Ng4+ 39. Kh3
Nf2+ 40. Kh4 Ng4 41. Rxg4 hxg4 42. Kxg4 Bg7 43. Rxe3 Bxd4 44. cxd4 Rxd4+ 45.
Kg5 Kf7 46. Rc3 Rd2 47. Rc7+ Ke6 48. Rxa7 Rxe2 49. b4 Rg2+ 1/2-1/2

[Event "ch-SWE Master Elite"]
[Site "Vasteras SWE"]
[Date "2011.07.19"]
[Round "4"]
[White "Tikkanen, H."]
[Black "Eriksson, Joh"]
[Result "1-0"]
[WhiteElo "2596"]
[BlackElo "2401"]
[PlyCount "73"]
[EventDate "2011.07.16"]
[EventType "tourn"]
[EventRounds "9"]
[EventCountry "SWE"]
[EventCategory "10"]
[Source "Mark Crowther"]
[SourceDate "2011.07.26"]

1. c4 Nf6 2. g3 g6 3. Bg2 Bg7 4. Nc3 O-O 5. e4 d6 6. Nge2 c5 7. O-O Nc6 8. d3
a6 9. h3 Rb8 10. a4 Ne8 11. Be3 Nd4 12. Rb1 Bd7 13. b4 Nxe2+ 14. Nxe2 cxb4 15.
Rxb4 b5 16. Qb3 Nc7 17. Rb1 bxc4 18. Qxc4 Rxb4 19. Rxb4 a5 20. Rb7 Ne6 21. d4
Re8 22. Ra7 Nf8 23. Bf1 Qb6 24. d5 Qb1 25. Nd4 Qxe4 26. Nc6 Qb1 27. Kh2 e6 28.
Bg2 exd5 29. Bxd5 Be6 30. Re7 Rxe7 31. Nxe7+ Kh8 32. Bxe6 Qb7 33. Nxg6+ fxg6
34. Bd5 Qb2 35. Qc7 Qf6 36. Bd4 Qxd4 37. Qf7 1-0

[Event "ch-SWE Master Elite"]
[Site "Vasteras SWE"]
[Date "2011.07.19"]
[Round "4"]
[White "Hector, J."]
[Black "Westerberg, J."]
[Result "1-0"]
[WhiteElo "2568"]
[BlackElo "2313"]
[PlyCount "67"]
[EventDate "2011.07.16"]
[EventType "tourn"]
[EventRounds "9"]
[EventCountry "SWE"]
[EventCategory "10"]
[Source "Mark Crowther"]
[SourceDate "2011.07.26"]

1. e4 e6 2. d4 d5 3. e5 c5 4. c3 Nc6 5. Nf3 Qb6 6. Bd3 cxd4 7. O-O Bd7 8. Re1
Rc8 9. h4 Nh6 10. Ng5 dxc3 11. bxc3 Bc5 12. Qf3 Bxf2+ 13. Qxf2 Qxf2+ 14. Kxf2
Nxe5 15. Bc2 Rc4 16. Kg1 f6 17. h5 Nhf7 18. Nh3 Rh4 19. Nf4 g5 20. Ne2 O-O 21.
Nd2 Rxh5 22. Rb1 Nd8 23. Nd4 Re8 24. Nf1 Nef7 25. Ne3 Nd6 26. Ba3 N8f7 27. Bb3
Ne4 28. Bd1 Rh4 29. Rxb7 Bc8 30. Rc7 Nxc3 31. Ng4 Kg7 32. Rxc3 e5 33. Rxc8 Rxc8
34. Nf5+ 1-0

[Event "ch-SWE Master Elite"]
[Site "Vasteras SWE"]
[Date "2011.07.19"]
[Round "4"]
[White "Berg, E."]
[Black "Hillarp Persson, T."]
[Result "0-1"]
[WhiteElo "2604"]
[BlackElo "2547"]
[PlyCount "68"]
[EventDate "2011.07.16"]
[EventType "tourn"]
[EventRounds "9"]
[EventCountry "SWE"]
[EventCategory "10"]
[Source "Mark Crowther"]
[SourceDate "2011.07.26"]

1. e4 c5 2. Nf3 e6 3. d4 cxd4 4. Nxd4 a6 5. Bd3 Bc5 6. Nb3 Ba7 7. Qg4 Nf6 8.
Qg3 d6 9. Nc3 Nc6 10. O-O b5 11. Kh1 Bb7 12. f4 h5 13. f5 Ng4 14. Bf4 e5 15.
Bd2 Nb4 16. a4 Nxd3 17. cxd3 b4 18. Nd1 d5 19. Ne3 dxe4 20. Nxg4 hxg4 21. Bxb4
Qd5 22. Rac1 exd3 23. Na5 Rh3 24. Qxg4 Rh4 25. Qxg7 Qxg2+ 26. Qxg2 Bxg2+ 27.
Kxg2 Rxb4 28. Nc4 f6 29. Rf3 Rd8 30. b3 Rxb3 31. Rh3 d2 32. Nd6+ Kd7 33. Rd1
Rxh3 34. Rxd2 Rdh8 0-1

[Event "ch-SWE Master Elite"]
[Site "Vasteras SWE"]
[Date "2011.07.20"]
[Round "5"]
[White "Hillarp Persson, T."]
[Black "Tikkanen, H."]
[Result "0-1"]
[WhiteElo "2547"]
[BlackElo "2596"]
[PlyCount "79"]
[EventDate "2011.07.16"]
[EventType "tourn"]
[EventRounds "9"]
[EventCountry "SWE"]
[EventCategory "10"]
[Source "Mark Crowther"]
[SourceDate "2011.07.26"]

1. d4 d5 2. c4 c6 3. Nc3 dxc4 4. e3 b5 5. a4 b4 6. Ne4 Qd5 7. Ng3 Nf6 8. Be2 h5
9. e4 Qa5 10. h4 e5 11. Bxc4 Bd6 12. Nf3 O-O 13. dxe5 Bxe5 14. Nxe5 Qxe5 15.
O-O Be6 16. Bxe6 fxe6 17. Bg5 Nbd7 18. Nxh5 Nxh5 19. Qxd7 Nf4 20. Rae1 c5 21.
Re3 Qxb2 22. Bxf4 Rxf4 23. Qxe6+ Kh8 24. g3 Rff8 25. Qc4 Rab8 26. Qxc5 b3 27.
Qh5+ Kg8 28. Qd5+ Kh8 29. Qh5+ Kg8 30. Qe2 Qd4 31. Rb1 b2 32. Kg2 Rb4 33. e5
Qd5+ 34. Kh2 Qa2 35. e6 Qxb1 36. e7 Qf5 37. exf8=Q+ Kxf8 38. Re8+ Kf7 39. Qe7+
Kg6 40. Qxb4 0-1

[Event "ch-SWE Master Elite"]
[Site "Vasteras SWE"]
[Date "2011.07.20"]
[Round "5"]
[White "Eriksson, Joh"]
[Black "Grandelius, N."]
[Result "1-0"]
[WhiteElo "2401"]
[BlackElo "2542"]
[PlyCount "97"]
[EventDate "2011.07.16"]
[EventType "tourn"]
[EventRounds "9"]
[EventCountry "SWE"]
[EventCategory "10"]
[Source "Mark Crowther"]
[SourceDate "2011.07.26"]

1. d4 Nf6 2. c4 g6 3. Nc3 Bg7 4. e4 d6 5. f3 O-O 6. Be3 a6 7. Qd2 Nbd7 8. O-O-O
b5 9. Bh6 Bxh6 10. Qxh6 e5 11. Nge2 c5 12. dxe5 Nxe5 13. Nf4 Be6 14. h4 b4 15.
Nb1 Bxc4 16. Bxc4 Nxc4 17. h5 Qe7 18. g4 Qe5 19. Rh2 Ra7 20. Rdh1 Qd4 21. hxg6
Qe3+ 22. Nd2 fxg6 23. Re2 Nxg4 24. fxg4 Qxf4 25. Qxf4 Rxf4 26. Nxc4 d5 27. Nd2
Re7 28. Rhe1 Rxg4 29. exd5 Rxe2 30. Rxe2 Rd4 31. Ne4 Kf7 32. Ng5+ Kf6 33. Nxh7+
Kf5 34. Rg2 Ke4 35. Rxg6 Kxd5 36. Rxa6 Kc4 37. Rh6 Rf4 38. Rh2 b3 39. a3 Rf5
40. Rg2 Kb5 41. Ng5 Rf1+ 42. Kd2 Rb1 43. Kc3 c4 44. Ne4 Rc1+ 45. Kd4 Rc2 46.
Nc3+ Ka5 47. Rxc2 bxc2 48. Ne2 Ka4 49. Kxc4 1-0

[Event "ch-SWE Master Elite"]
[Site "Vasteras SWE"]
[Date "2011.07.20"]
[Round "5"]
[White "Cramling, P."]
[Black "Carlsson, P."]
[Result "1/2-1/2"]
[WhiteElo "2472"]
[BlackElo "2496"]
[PlyCount "116"]
[EventDate "2011.07.16"]
[EventType "tourn"]
[EventRounds "9"]
[EventCountry "SWE"]
[EventCategory "10"]
[Source "Mark Crowther"]
[SourceDate "2011.07.26"]

1. d4 Nf6 2. Nf3 e6 3. c4 Bb4+ 4. Nbd2 O-O 5. g3 b6 6. Bg2 Bb7 7. a3 Be7 8. O-O
c5 9. b3 cxd4 10. Bb2 Qc7 11. Bxd4 d6 12. Rc1 Nbd7 13. Qc2 Rfe8 14. Bb2 Rac8
15. Qb1 Qb8 16. Rfd1 Qa8 17. Ne1 a6 18. b4 Rc7 19. Bxb7 Qxb7 20. Ng2 Rec8 21.
Qd3 a5 22. e4 h6 23. Ne3 Ne5 24. Qb1 axb4 25. axb4 Ned7 26. Qd3 Ne5 27. Qb1 h5
28. h4 Nfg4 29. Nxg4 hxg4 30. Bxe5 dxe5 31. Qb3 Rd8 32. Nf1 Rxd1 33. Rxd1 Qxe4
34. Ne3 Ra7 35. Rc1 Qf3 36. Qb2 Qe4 37. c5 bxc5 38. bxc5 Rb7 39. Qd2 Rc7 40.
Qa5 Qc6 41. Nxg4 Bxc5 42. Kh2 Qd6 43. Qa8+ Kh7 44. Qe4+ f5 45. Qxe5 fxg4 46.
Qh5+ Kg8 47. Qe8+ Qf8 48. Qxe6+ Rf7 49. Qd5 Bxf2 50. Rc2 Bb6 51. Qe6 Bc5 52.
Qd5 Bd6 53. Rc6 Be7 54. Ra6 Kh7 55. Qh5+ Kg8 56. Qd5 Kh7 57. Qh5+ Kg8 58. Qd5
Kh7 1/2-1/2

[Event "ch-SWE Master Elite"]
[Site "Vasteras SWE"]
[Date "2011.07.20"]
[Round "5"]
[White "Lindberg, Be"]
[Black "Hector, J."]
[Result "1-0"]
[WhiteElo "2391"]
[BlackElo "2568"]
[PlyCount "77"]
[EventDate "2011.07.16"]
[EventType "tourn"]
[EventRounds "9"]
[EventCountry "SWE"]
[EventCategory "10"]
[Source "Mark Crowther"]
[SourceDate "2011.07.26"]

1. e4 e5 2. Nf3 Nc6 3. Nc3 Nf6 4. Bb5 Bb4 5. O-O O-O 6. d3 Bxc3 7. bxc3 d6 8.
Re1 Ne7 9. d4 a6 10. Ba4 d5 11. exd5 e4 12. Ne5 Nfxd5 13. Bd2 f6 14. Ng4 Kh8
15. Ne3 Nb6 16. Bb3 a5 17. a4 f5 18. Nc4 Nd7 19. Bg5 Ra6 20. f3 Rg6 21. Qd2 h6
22. Bh4 Re6 23. d5 Ra6 24. fxe4 fxe4 25. d6 cxd6 26. Rxe4 Nf6 27. Bxf6 Rxf6 28.
Rae1 Rf7 29. Ne5 Qb6+ 30. Qd4 dxe5 31. Qxb6 Rxb6 32. Bxf7 Nc6 33. Rf1 Kh7 34.
Bc4 Kg6 35. Bd3 Kh5 36. Rf7 g5 37. h3 Rb1+ 38. Kh2 g4 39. Rg7 1-0

[Event "ch-SWE Master Elite"]
[Site "Vasteras SWE"]
[Date "2011.07.21"]
[Round "6"]
[White "Tikkanen, H."]
[Black "Grandelius, N."]
[Result "0-1"]
[WhiteElo "2596"]
[BlackElo "2542"]
[PlyCount "158"]
[EventDate "2011.07.16"]
[EventType "tourn"]
[EventRounds "9"]
[EventCountry "SWE"]
[EventCategory "10"]
[Source "Mark Crowther"]
[SourceDate "2011.07.26"]

1. c4 Nf6 2. g3 e6 3. Bg2 d5 4. Nf3 Be7 5. O-O O-O 6. b3 b6 7. Bb2 Bb7 8. e3
Nbd7 9. Qe2 a5 10. d3 a4 11. Nbd2 c5 12. Rae1 axb3 13. axb3 Ra2 14. Nb1 dxc4
15. bxc4 Bxf3 16. Bxf3 Ne5 17. Bxe5 Rxe2 18. Bxe2 Nd7 19. Bb2 Bf6 20. Nc3 Ne5
21. Rb1 Nc6 22. Rfd1 g6 23. Bf3 Ne5 24. Be2 Nc6 25. Bf3 Ne5 26. Be2 Qc7 27. Nb5
Qc6 28. f4 Nd7 29. Kf2 Bxb2 30. Bf3 Qc8 31. Rxb2 e5 32. Nc3 exf4 33. exf4 Qd8
34. Nd5 Re8 35. Ra1 Kg7 36. Ra7 Nf6 37. Rb7 Re6 38. Ra2 Rd6 39. Raa7 Rd7 40.
Kg2 Rxb7 41. Rxb7 h5 42. Nxf6 Qxf6 43. Bd5 Qb2+ 44. Kh3 Qe2 45. Rxf7+ Kh6 46.
Be4 Qf1+ 47. Kh4 Qf2 48. Kh3 Qf1+ 49. Kh4 Qe2 50. Kh3 b5 51. Rf6 Qg4+ 52. Kg2
Qe2+ 53. Kh3 Qg4+ 54. Kg2 bxc4 55. Kf2 c3 56. h3 Qd1 57. Rxg6+ Kh7 58. Rg5+ Kh8
59. g4 Qd2+ 60. Kf3 hxg4+ 61. hxg4 c2 62. Rxc5 Qd1+ 63. Kf2 c1=Q 64. Rxc1 Qxc1
65. Kf3 Qf1+ 66. Kg3 Qg1+ 67. Kh4 Qe3 68. Kg5 Kg7 69. Kf5 Qc5+ 70. Ke6 Qc8+ 71.
Ke5 Qxg4 72. d4 Kf7 73. Bf5 Qg7+ 74. Ke4 Kf6 75. Bc8 Qe7+ 76. Kd3 Qa3+ 77. Kd2
Qb2+ 78. Kd3 Qb3+ 79. Kd2 Qc4 0-1

[Event "ch-SWE Master Elite"]
[Site "Vasteras SWE"]
[Date "2011.07.21"]
[Round "6"]
[White "Carlsson, P."]
[Black "Eriksson, Joh"]
[Result "1-0"]
[WhiteElo "2496"]
[BlackElo "2401"]
[PlyCount "115"]
[EventDate "2011.07.16"]
[EventType "tourn"]
[EventRounds "9"]
[EventCountry "SWE"]
[EventCategory "10"]
[Source "Mark Crowther"]
[SourceDate "2011.07.26"]

1. e4 c5 2. Nf3 d6 3. d4 cxd4 4. Nxd4 Nf6 5. Nc3 a6 6. Bg5 e6 7. f4 Qb6 8. Qd3
Qxb2 9. Rb1 Qa3 10. f5 Be7 11. fxe6 fxe6 12. Be2 Nc6 13. Nxc6 bxc6 14. Bh5+
Nxh5 15. Bxe7 Nf4 16. Qd4 e5 17. Qxe5 Qc1+ 18. Rxc1 dxe5 19. Bd6 Nxg2+ 20. Kf2
Nf4 21. Rb1 h5 22. Na4 Bg4 23. Rb7 Rd8 24. Re7+ Kf8 25. Rd7+ Ke8 26. Re7+ Kf8
27. Rd7+ Ke8 28. Rxd8+ Kxd8 29. Rb1 Rh6 30. Rb8+ Kd7 31. Bxe5 Ne6 32. Nb6+ Ke7
33. Nc8+ Kd7 34. Nb6+ Ke7 35. Rb7+ Kf8 36. Rb8+ Ke7 37. Rb7+ Kf8 38. Nc8 Nc5
39. Bxg7+ Kg8 40. Bxh6 Nxb7 41. Ne7+ Kh7 42. Bf4 Bd1 43. c3 Nc5 44. Ke3 Bc2 45.
Kd4 Nxe4 46. Nxc6 Kg6 47. Bc7 Bb1 48. a4 Nd2 49. a5 Be4 50. Nb4 Bb7 51. Kc5 Bc8
52. Kb6 Nc4+ 53. Ka7 Na3 54. Kb8 Be6 55. Nxa6 Nb5 56. Be5 Kf5 57. Bh8 Kg4 58.
Nc7 1-0

[Event "ch-SWE Master Elite"]
[Site "Vasteras SWE"]
[Date "2011.07.21"]
[Round "6"]
[White "Berg, E."]
[Black "Lindberg, Be"]
[Result "1/2-1/2"]
[WhiteElo "2604"]
[BlackElo "2391"]
[PlyCount "97"]
[EventDate "2011.07.16"]
[EventType "tourn"]
[EventRounds "9"]
[EventCountry "SWE"]
[EventCategory "10"]
[Source "Mark Crowther"]
[SourceDate "2011.07.26"]

1. e4 c5 2. Nf3 d6 3. d4 cxd4 4. Nxd4 Nf6 5. Nc3 Nc6 6. Bg5 Bd7 7. Qd2 Nxd4 8.
Qxd4 Qa5 9. f4 Rc8 10. e5 dxe5 11. fxe5 e6 12. O-O-O Bc6 13. Bb5 Nd5 14. Nxd5
Bxb5 15. Nc3 Bc6 16. Rd3 h6 17. Be3 a6 18. Rhd1 Qb4 19. Ne4 Qxd4 20. Rxd4 Bxe4
21. Rxe4 Bc5 22. Bxc5 Rxc5 23. b4 Rc7 24. c4 Ke7 25. Kb2 Rd8 26. Rxd8 Kxd8 27.
Kc3 Ke7 28. Rg4 g5 29. h4 f5 30. exf6+ Kxf6 31. hxg5+ hxg5 32. Rd4 e5 33. Rd6+
Kf5 34. c5 g4 35. Kd3 Kf4 36. Rf6+ Kg3 37. Ke4 Rg7 38. a4 Kxg2 39. b5 axb5 40.
axb5 g3 41. c6 bxc6 42. bxc6 Kh3 43. Rf3 Kh4 44. Rxg3 Rxg3 45. Kxe5 Rc3 46. Kd6
Kg5 47. c7 Kf6 48. Kd7 Rxc7+ 49. Kxc7 1/2-1/2

[Event "ch-SWE Master Elite"]
[Site "Vasteras SWE"]
[Date "2011.07.21"]
[Round "6"]
[White "Hector, J."]
[Black "Cramling, P."]
[Result "1/2-1/2"]
[WhiteElo "2568"]
[BlackElo "2472"]
[PlyCount "90"]
[EventDate "2011.07.16"]
[EventType "tourn"]
[EventRounds "9"]
[EventCountry "SWE"]
[EventCategory "10"]
[Source "Mark Crowther"]
[SourceDate "2011.07.26"]

1. e4 c5 2. Nf3 Nc6 3. c3 Nf6 4. e5 Nd5 5. d4 cxd4 6. cxd4 d6 7. Bc4 Nb6 8. Bb5
dxe5 9. Nxe5 Bd7 10. Nc3 Nxe5 11. dxe5 Bxb5 12. Nxb5 a6 13. Be3 axb5 14. Qxd8+
Rxd8 15. Bxb6 Rd5 16. O-O Rxe5 17. Rad1 f6 18. f4 Re6 19. Rd8+ Kf7 20. Bf2 g6
21. Rb8 Bg7 22. Rxb7 f5 23. Rxb5 Re2 24. a4 Rxb2 25. Rxb2 Bxb2 26. Rb1 Bc3 27.
Rb3 Ba5 28. Rb5 Bd2 29. g3 Rc8 30. Rb2 Ba5 31. Rb5 Rc1+ 32. Kg2 Bd2 33. Rd5 Rc2
34. Kf3 Ra2 35. Bb6 Bb4 36. a5 Ke6 37. Rb5 Bd6 38. h3 Kd7 39. Rb1 Ra3+ 40. Kf2
h6 41. h4 e5 42. Rd1 Kc6 43. Rc1+ Kd7 44. Rd1 Kc6 45. Rc1+ Kd7 1/2-1/2

[Event "ch-SWE Master Elite"]
[Site "Vasteras SWE"]
[Date "2011.07.21"]
[Round "6"]
[White "Hillarp Persson, T."]
[Black "Westerberg, J."]
[Result "1/2-1/2"]
[WhiteElo "2547"]
[BlackElo "2313"]
[PlyCount "119"]
[EventDate "2011.07.16"]
[EventType "tourn"]
[EventRounds "9"]
[EventCountry "SWE"]
[EventCategory "10"]
[Source "Mark Crowther"]
[SourceDate "2011.07.26"]

1. d4 Nf6 2. c4 e5 3. dxe5 Ng4 4. Nf3 Nc6 5. Bf4 Bb4+ 6. Nbd2 Qe7 7. e3 Ngxe5
8. Nxe5 Nxe5 9. Be2 O-O 10. O-O Bxd2 11. Qxd2 d6 12. Rac1 b6 13. Qc3 Ng6 14.
Bf3 Rb8 15. Bg3 Qg5 16. Qd4 Qa5 17. a3 Ne7 18. Qd3 Qg5 19. b4 Bf5 20. Qd4 Rfe8
21. c5 dxc5 22. bxc5 Rbc8 23. Qa4 Qg6 24. Qxa7 Nc6 25. Qa4 Be4 26. Bxe4 Rxe4
27. Qa6 Rce8 28. cxb6 cxb6 29. Qxb6 Nd4 30. Qxg6 Ne2+ 31. Kh1 hxg6 32. Ra1
Nxg3+ 33. hxg3 Ra4 34. Rfd1 Rea8 35. Rd3 g5 36. Kg1 Kh7 37. Kf1 Kg6 38. Ke2
R8a6 39. Kd2 Ra8 40. Kc2 R4a6 41. Kb2 Rb8+ 42. Rb3 Rd8 43. Rc1 Rd2+ 44. Rc2 Rd1
45. Rb4 Rg1 46. f3 Rd6 47. a4 Rdd1 48. g4 Rb1+ 49. Kc3 Ra1 50. Kc4 Ra3 51. e4
Rga1 52. Kb5 f6 53. Re2 Kh6 54. e5 fxe5 55. Rxe5 R1a2 56. Rd4 Rxg2 57. Rf5 g6
58. Rf7 Rb2+ 59. Kc5 Rxa4 60. Rxa4 1/2-1/2

[Event "ch-SWE Master Elite"]
[Site "Vasteras SWE"]
[Date "2011.07.22"]
[Round "7"]
[White "Eriksson, Joh"]
[Black "Hector, J."]
[Result "0-1"]
[WhiteElo "2401"]
[BlackElo "2568"]
[PlyCount "64"]
[EventDate "2011.07.16"]
[EventType "tourn"]
[EventRounds "9"]
[EventCountry "SWE"]
[EventCategory "10"]
[Source "Mark Crowther"]
[SourceDate "2011.07.26"]

1. d4 d5 2. c4 c6 3. Nf3 Nf6 4. Nc3 dxc4 5. e4 b5 6. e5 Nd5 7. a4 e6 8. axb5
Nxc3 9. bxc3 cxb5 10. Ng5 Bb7 11. Qh5 g6 12. Qg4 Be7 13. Be2 Bd5 14. Bf3 a5 15.
O-O h5 16. Qg3 b4 17. Nxe6 fxe6 18. Qxg6+ Kd7 19. Bxd5 exd5 20. cxb4 Bxb4 21.
Bg5 Qe8 22. Qb6 Kc8 23. Rfb1 Ra6 24. Rxb4 Rxb6 25. Rxb6 Nc6 26. Rab1 Rh7 27.
R1b5 Ra7 28. h4 Kc7 29. Bf4 Qe6 30. Bg3 c3 31. Rxc6+ Kxc6 32. Rc5+ Kb6 0-1

[Event "ch-SWE Master Elite"]
[Site "Vasteras SWE"]
[Date "2011.07.22"]
[Round "7"]
[White "Cramling, P."]
[Black "Berg, E."]
[Result "1-0"]
[WhiteElo "2472"]
[BlackElo "2604"]
[PlyCount "71"]
[EventDate "2011.07.16"]
[EventType "tourn"]
[EventRounds "9"]
[EventCountry "SWE"]
[EventCategory "10"]
[Source "Mark Crowther"]
[SourceDate "2011.07.26"]

1. Nf3 Nf6 2. c4 g6 3. b3 Bg7 4. Bb2 O-O 5. g3 d6 6. d4 Na6 7. Bg2 Rb8 8. Nc3
c6 9. a4 Nb4 10. O-O a5 11. h3 Bf5 12. Ne1 Qc8 13. Kh2 e5 14. d5 e4 15. Na2 Na6
16. Nc2 cxd5 17. Ne3 dxc4 18. bxc4 Be6 19. Nc3 Nc5 20. Qc2 h5 21. Rad1 h4 22.
g4 Qc6 23. Nb5 Rbd8 24. f4 exf3 25. exf3 Qc8 26. Kh1 d5 27. Bxf6 Bxf6 28. cxd5
Bd7 29. d6 Bxb5 30. axb5 Rfe8 31. Nc4 Qd7 32. Rd5 Qxb5 33. Na3 Qb2 34. Qxb2
Bxb2 35. Nc4 Na4 36. Rxa5 1-0

[Event "ch-SWE Master Elite"]
[Site "Vasteras SWE"]
[Date "2011.07.23"]
[Round "8"]
[White "Tikkanen, H."]
[Black "Carlsson, P."]
[Result "1-0"]
[WhiteElo "2596"]
[BlackElo "2496"]
[PlyCount "101"]
[EventDate "2011.07.16"]
[EventType "tourn"]
[EventRounds "9"]
[EventCountry "SWE"]
[EventCategory "10"]
[Source "Mark Crowther"]
[SourceDate "2011.07.26"]

1. c4 e5 2. g3 c6 3. d4 e4 4. Nc3 d5 5. Bg2 Bb4 6. f3 Nf6 7. Bg5 Bxc3+ 8. bxc3
Nbd7 9. cxd5 cxd5 10. fxe4 dxe4 11. Qc2 O-O 12. Nh3 h6 13. Bc1 Re8 14. Nf2 Nb6
15. O-O Bf5 16. Nd1 Bg6 17. Bh3 Qd5 18. Ne3 Qh5 19. Bf5 Nbd5 20. Bxg6 Qxg6 21.
Nf5 Rac8 22. c4 Qh5 23. e3 Nb4 24. Qb3 Nd3 25. Nd6 Ng4 26. Qc2 Nxc1 27. Rfxc1
Nxe3 28. Qf2 Ng4 29. Qe2 Qg6 30. c5 h5 31. Rf1 Nf6 32. Rf4 Nd5 33. Rf5 Nb4 34.
Raf1 Nc6 35. Qe3 f6 36. Nxc8 Rxc8 37. Qxe4 Re8 38. Qd5+ Qf7 39. Qxf7+ Kxf7 40.
d5 Nd4 41. Rxh5 Re2 42. Rh4 Rd2 43. Rf2 Rd1+ 44. Kg2 b6 45. c6 Nb5 46. Ra4 Ke7
47. Rc2 Kd8 48. Rh4 Rxd5 49. Rh7 Rg5 50. h4 Rg4 51. h5 1-0

[Event "ch-SWE Master Elite"]
[Site "Vasteras SWE"]
[Date "2011.07.23"]
[Round "8"]
[White "Hector, J."]
[Black "Grandelius, N."]
[Result "1-0"]
[WhiteElo "2568"]
[BlackElo "2542"]
[PlyCount "147"]
[EventDate "2011.07.16"]
[EventType "tourn"]
[EventRounds "9"]
[EventCountry "SWE"]
[EventCategory "10"]
[Source "Mark Crowther"]
[SourceDate "2011.07.26"]

1. e4 e5 2. Nf3 Nc6 3. Bc4 Nf6 4. d3 Bc5 5. c3 O-O 6. Bb3 d5 7. Qe2 a5 8. Bg5
dxe4 9. dxe4 a4 10. Bc4 h6 11. Bh4 Qd6 12. Nbd2 Nh5 13. Bg3 Bg4 14. h3 Nxg3 15.
fxg3 Bxf3 16. Nxf3 Rad8 17. Bd5 Qg6 18. g4 Ne7 19. Bc4 c6 20. Rf1 b5 21. Bd3
Qe6 22. a3 Ng6 23. g3 Qb3 24. Bb1 Qe6 25. Ba2 Qe7 26. Rd1 Kh8 27. h4 Rd6 28. h5
Rxd1+ 29. Kxd1 Qd6+ 30. Qd2 Ne7 31. Qxd6 Bxd6 32. g5 Ng8 33. Ke2 hxg5 34. Nxg5
Nh6 35. Nxf7+ Nxf7 36. Bxf7 c5 37. Rd1 Be7 38. Bg6 Bg5 39. Rd5 Bc1 40. Rxe5
Bxb2 41. Rxc5 Rb8 42. e5 Bxa3 43. Rc7 b4 44. cxb4 Bxb4 45. Ra7 a3 46. Kd3 Kg8
47. Ke4 Kf8 48. Bf7 Rb5 49. Ba2 Bc3 50. e6 Rxh5 51. Rxa3 Ra5 52. Rxc3 Rxa2 53.
Rf3+ Ke7 54. Kf5 Ra5+ 55. Kg6 Kxe6 56. g4 Ra7 57. Re3+ Kd6 58. Re8 Ra4 59. g5
Ra5 60. Re1 Rb5 61. Rg1 Rb7 62. Kh7 Ke6 63. Kg6 Ra7 64. Re1+ Kd6 65. Kh7 Rb7
66. g6 Ra7 67. Re8 Rb7 68. Rg8 Rb2 69. Kxg7 Ke6 70. Rf8 Rg2 71. Rf1 Re2 72. Kh7
Ke7 73. Rf4 Re1 74. Rh4 1-0

[Event "ch-SWE Master Elite"]
[Site "Vasteras SWE"]
[Date "2011.07.23"]
[Round "8"]
[White "Berg, E."]
[Black "Eriksson, Joh"]
[Result "1-0"]
[WhiteElo "2604"]
[BlackElo "2401"]
[PlyCount "47"]
[EventDate "2011.07.16"]
[EventType "tourn"]
[EventRounds "9"]
[EventCountry "SWE"]
[EventCategory "10"]
[Source "Mark Crowther"]
[SourceDate "2011.07.26"]

1. e4 c5 2. Nf3 e6 3. b4 cxb4 4. a3 Nc6 5. axb4 Bxb4 6. c3 Be7 7. d4 d5 8. e5
f6 9. Bd3 fxe5 10. Nxe5 Nf6 11. O-O O-O 12. Nd2 Nxe5 13. dxe5 Nd7 14. Qh5 g6
15. Bxg6 hxg6 16. Qxg6+ Kh8 17. Ra4 Rf5 18. Qh6+ Kg8 19. Qxe6+ Rf7 20. Rg4+ Bg5
21. Qxd5 Kf8 22. e6 Rg7 23. Ba3+ Be7 24. Qf5+ 1-0

[Event "ch-SWE Master Elite"]
[Site "Vasteras SWE"]
[Date "2011.07.23"]
[Round "8"]
[White "Westerberg, J."]
[Black "Lindberg, Be"]
[Result "0-1"]
[WhiteElo "2313"]
[BlackElo "2391"]
[PlyCount "44"]
[EventDate "2011.07.16"]
[EventType "tourn"]
[EventRounds "9"]
[EventCountry "SWE"]
[EventCategory "10"]
[Source "Mark Crowther"]
[SourceDate "2011.07.26"]

1. d4 Nf6 2. c4 e6 3. Nf3 c5 4. d5 d6 5. Nc3 exd5 6. cxd5 g6 7. e4 a6 8. a4 Bg4
9. Qb3 Bxf3 10. Qxb7 Nbd7 11. gxf3 Bg7 12. Qc6 O-O 13. Qxd6 Nh5 14. f4 Qa5 15.
Qxd7 Bxc3+ 16. Ke2 Qb4 17. f3 Nxf4+ 18. Bxf4 Qxb2+ 19. Kd3 c4+ 20. Kxc4 Rfc8+
21. Bc7 Be5 22. d6 Qd4+ 0-1